000 00699nam a2200241Ia 4500
003 OSt
005 20220918205209.0
006 a|||||r|||| 00| 0
007 ta
008 220917b |||||||| |||| 00| 0 eng d
024 _a115,680
037 _cTextual
040 _aARTS
_cARTS
_beng
041 _2eng
_aeng
082 _aXvxN119:g, K2
100 _aHeilbroner Robert L
_9114401
245 0 _aWorldly Philosophers
_b the lives, times, and ideas of the great economic thinkers
260 _aNew York
_bTimes Icorporated
_c1992
300 _axiv,368p.
_ccm.
650 _aECONOMICS
942 _hXvxN119:g, K2
_cTEXL
_2CC
999 _c239009
_d239009